Guess the country by the small town №2 - Statistics

General Stats
  • This quiz has been taken 11 times
  • The average score is 8 of 20
Answer Stats
City Country % Correct
Nokia Finland
80%
Lourosa Portugal
70%
Eger Hungary
60%
Palenque Mexico
60%
Taourirt Morocco
60%
Sombor Serbia
60%
Maghnia Algeria
50%
Turda Romania
50%
Hjo Sweden
50%
Cuíto Angola
40%
Valka Latvia
40%
Lichinga Mozambique
30%
Sakakah Saudi Arabia
30%
Palapye Botswana
20%
Mulchen Chile
20%
Fasa Iran
20%
Poland Kiribati
20%
Qatana Syria
20%
Guines Cuba
10%
Koson Uzbekistan
10%
No matching quizzes found
Score Distribution
Percent of People with Each Score
Percentile by Number Answered
Your Score History
You have not taken this quiz